000 00289nam a22001337a 4500
008 180827b xxu||||| |||| 00| 0 eng d
020 _a9780618147205
041 _aeng
080 _a338
100 _a53
101 _aMAN
245 _aSTRATEGIC MANAGEMENT
_cHILL.CH.W
942 _2udc
_cBK
999 _c47351
_d47351